000 01472nam0a2200385 4500
001 RU\NLR\bibl\1878688
005 20260406011738.0
010 _a978-5-904029-18-0
_9500
021 _aRU
_b2012-10920
_9819
035 _a(nilc)RSL-KNO-005397892
035 _a(NLR Aleph) 001868477
090 _a2628335
_c2628335
100 _a20120227d2010 |||y0rusy50 ca
101 0 _arus
_aeng
102 _aRU
105 _ay |||||||||
200 1 _aЯзыковое моделирование идеологизированных терминов
_fАбрамов В. Е., Абузярова А. Х.
210 _aСамара
_cИУНЛ ПГУТИ
_d2010
215 _a189 с.
_d21
300 _aЧасть текста на англ. яз.
320 _aБиблиогр.: с. 164-187
606 1 _aАнглийский язык
_xТерминология политическая
_9970840
_3RU\NLR\auth\6645278
686 _aШ143.21-34,0
_2rubbk
686 _aШ143.21-54,0
_2rubbk
686 _aШ100.12,0
_2rubbk
686 _aШ143.21-34
700 1 _4070
_8rus
_7ca
_aАбрамов
_bВ. Е.
_cд-р филол. наук
_f1951-
_gВладимир Евгеньевич
_3RU\NLR\auth\77117230
_9100155
701 1 _aАбузярова
_bА. Х.
_gАлсу Хаматнуровна
_4070
801 0 _aRU
_bRuMoRKP
_c20120227
_grcr
801 1 _aRU
_bРГБ
_c20120227
801 2 _aRU
_bNLR
_c20120312
_grcr
942 _cBOOK
980 _aNB
980 _aNBR